00784nam a2200217 i 450000100060000000300090000600500170001500700030003200800410003510000330007624501080010925000260021726000400024330000220028349000270030570000280033283000350036085200320039599900170042795201220044464781ES-MaACL20230906165217.0t|040105s1963 sp ||||1| spa d1 aFougeyrollas, Pierre.95193513aEl marxismo, verdad y mito / cPierre Fougeyrollas ; traducción, prólogo y notas de Antoni Jutglar. a[1ª ed. castellana]. aHospitalet : bNova Terra, c[1963] a203 p. ; c17 cm.1 aColección Síntesis1 aJutglar, Antoni.9673680 aColección Síntesis9181518 aES-MaACLjC-26116 bR.53659 c64781d64781 00104070aATENEOMbATENEOMcDEPO2d2008-01-17eSCl0oC-26116p1067877r2023-02-23 00:00:00w2023-02-23yMONOGRAFIA